1147 1483 1853 1455 1075 1109 1505 1184 1432 1075 1725 1608 1461 1780 1408 1876 1153 1357 1815 1277 1147 1438 1456 1061 1188 1233 1714 1097 1805 1161 1724 1769 1396 1883 1939 1100 1546 1739 1160 1891 1938 1262 1965 1826 1237 1983 1023 1839 1878 1631 1881 1904 1269 1428 1443 1780 1442 1030 1401 1175 1843 1599 1910 1286 1159 1605 1648 1466 1150 1348 1212 1973 1168 1059 1860 1207 1393 1570 1244 1090 1774 1443 1203 1339 1803 1947 1815 1668 1923 1553 1963 1485 1567 1659 1911 1214 1444 1106 1567 BCNSPRNW ULIB Ver.6.0+V

เปลี่ยนเป็นภาษาไทย

Change to English
 แสดงรายละเอียดบรรณานุกรม
  กลับหน้าหลัก

Brief Record : Get Marc (ISO 2709) : E-mail record : QR code < ปิดหน้าต่าง
LEADER : 00000nam 2200000uu 4500
001    13399122347
003     ULIB
008    130220s2554||||th 000 0 tha d
099    วจ.WM172^bช376ป
100 0  วัชนี หัตถพนม, ไพรวัลย์ ร่มซ้าย และมัลลิฑา พูนสวัสดิ์
245 00 ประสิทธิผลของกลุ่มบำบัดการปรับความคิดและพฤติกรรมที่มีต่อความคิดอัตโนมัติทางลบและภาวะซึมเศร้าของผู้ป่วยจิตเวช^cโดยวัชนี หัตถพนม, ไพรวัลย์ ร่มซ้าย และมัลลิฑา พูนสวัสดิ์
260    ขอนแก่น:^bโรงพยาบาลจิตเวชขอนแก่นราชนครินทร์,^c2554
300    134 หน้า
500    ได้รับรางวัลผลงานวิชาการดีเด่น ในงานประชุมวิชาการกระทรวงสาธารณสุข ประจำปี 2554
650  7 ภาวะซึมเศร้า^xวิจัย
650  7 ความคิดอัตโนมัติทางลบ^xวิจัย
650  7 ผู้ป่วยจิตเวช
945    ^p0^l0^i033596
999    ^aเกษร โพธิ์สุวรรณ
รายการนี้ยังไม่มีแท็ก
คุณยังไม่ได้ล็อกอิน คุณสามารถมีกิจกรรมร่วมกับเว็บไซต์ได้ แต่ต้องล็อกอินก่อน ::
  ล็อกอิน

รายการสื่อสารสนเทศ

ลำดับที่ ประเภท เลขเรียก/บาร์โค้ด สถานที่ สถานะ
1. งานวิจัย
งานวิจัย
วจ.WM172 ช376ป  
  Barcode: 033596
ห้องสมุดวิทยาเขตสวรรค์ประชารักษ์
►วิจัย
บนชั้น

รายการใกล้เคียง
    หัวเรื่อง [ผู้ป่วยจิตเวช]

BibComment


ยังไม่เคยถูกคอมเมนท์

คอมเมนท์ทรัพยากรรายการนี้
  คอมเมนท์: ประสิทธิผลของกลุ่..


 Copyright 2026. Bcnsprnw @Library